[Event "Rated Blitz game"]
[Site "?"]
[Date "2021.05.14"]
[Round "?"]
[White "Scualchess"]
[Black "liaqat321"]
[Result "1-0"]
[WhiteElo "2448"]
[BlackElo "2365"]
[PlyCount "143"]
[EventDate "2021.??.??"]
[EventType "blitz"]

1. e4 e5 2. Nf3 d5 3. Nxe5 Bd6 4. d4 dxe4 5. Nc4 Nf6 6. Be2 Bf5 7. O-O O-O 8.
Ne3 Bg6 9. c4 Nc6 10. Nc3 Nxd4 11. Ncd5 Nxe2+ 12. Qxe2 Nxd5 13. Nxd5 f5 14. Rd1
Qh4 15. g3 Qh3 16. Qf1 Qh5 17. Nf4 Qf3 18. Nxg6 hxg6 19. Be3 b6 20. Qg2 Qh5 21.
Rac1 Rad8 22. a3 g5 23. Rd5 Qg6 24. Rcd1 f4 25. gxf4 Be7 26. Rxd8 Rxd8 27.
Rxd8+ Bxd8 28. fxg5 Qe6 29. b3 g6 30. Qg3 Kf7 31. Qf4+ Qf5 32. Qxf5+ gxf5 33.
Bf4 c6 34. h4 Kg6 35. Kg2 a6 36. a4 b5 37. axb5 axb5 38. cxb5 cxb5 39. Kg3 Kh5
40. Be5 Bb6 41. Bd6 Bd4 42. Bf4 Bc5 43. Be3 Bd6+ 44. Kh3 f4 45. Bd4 Bc7 46. g6
Kxg6 47. Kg4 Bd6 48. h5+ Kh6 49. Bf6 Bc5 50. Bg5+ Kh7 51. Kxf4 Bxf2 52. Kxe4
Be1 53. Kd5 b4 54. Kc4 Kg7 55. Be3 Kh7 56. Bc5 Kh6 57. Bxb4 Bg3 58. Kd5 Kxh5
59. Bc3 Kg6 60. b4 Kf7 61. Kc6 Ke7 62. Kb7 Kd7 63. b5 Bf2 64. Bb4 Bd4 65. Ba5
Bg1 66. Bb6 Bh2 67. Ba7 Bc7 68. Bb8 Ba5 69. Bg3 Bd8 70. Bf2 Bc7 71. Bb6 Bg3 72.
Ba5 {Time forfeit} 1-0

[Event "Rated Blitz game"]
[Site "?"]
[Date "2021.05.14"]
[Round "?"]
[White "yoseph2013"]
[Black "LittleBigT"]
[Result "0-1"]
[WhiteElo "2662"]
[BlackElo "2432"]
[PlyCount "106"]
[EventDate "2021.??.??"]
[EventType "blitz"]

1. e4 e5 2. Nf3 d5 3. exd5 Bd6 4. Nc3 Nf6 5. Bb5+ c6 6. dxc6 Nxc6 7. d3 O-O 8.
Bxc6 bxc6 9. O-O Rb8 10. h3 Nd5 11. Re1 Qc7 12. Ne4 Be7 13. b3 f5 14. Ng3 Nc3
15. Qd2 Bb4 16. Qg5 h6 17. Qh4 f4 18. Nf1 Be7 19. Qh5 Rf5 20. Qe8+ Rf8 21. Qg6
Rf6 22. Qh5 Rf5 23. Qxf5 Bxf5 24. Rxe5 Rf8 25. Bb2 Nd5 26. Rae1 Bb4 27. R1e2
Bd6 28. c4 Nb4 29. Re8 Rxe8 30. Rxe8+ Kf7 31. Ra8 Nxd3 32. Bd4 Bc5 33. Bxc5
Nxc5 34. b4 Nd3 35. b5 cxb5 36. cxb5 Bc8 37. b6 Qxb6 38. Rxc8 Qxf2+ 39. Kh2
Qxf1 40. Rc7+ Kg8 41. Rxa7 Nf2 42. Ng1 Qd3 43. Nf3 Qd1 44. Ng1 Ne4 45. Nf3 Ng3
46. Ng1 Ne2 47. Nxe2 Qxe2 48. Ra3 Kh7 49. Kg1 g5 50. Kh2 h5 51. Kg1 g4 52. hxg4
hxg4 53. Ra4 Qd1+ {Normal} 0-1

[Event "Rated Blitz game"]
[Site "?"]
[Date "2021.05.14"]
[Round "?"]
[White "Scualchess"]
[Black "AlaEldin"]
[Result "0-1"]
[WhiteElo "2450"]
[BlackElo "2329"]
[PlyCount "60"]
[EventDate "2021.??.??"]
[EventType "blitz"]

1. e4 e5 2. Nf3 d5 3. Nxe5 Bd6 4. d4 dxe4 5. Nc4 Nf6 6. Be2 O-O 7. Nxd6 cxd6 8.
Be3 d5 9. O-O b6 10. Nd2 Ba6 11. c4 dxc4 12. Bxc4 Bxc4 13. Nxc4 Nc6 14. Rc1 Rc8
15. b3 Nb4 16. Qd2 Nd3 17. Rc2 b5 18. Nb2 Rxc2 19. Qxc2 Nb4 20. Qb1 Nbd5 21.
Nd1 Qd6 22. Bg5 Ng4 23. g3 f5 24. Ne3 Nc3 25. Qc2 Qxd4 26. Nxg4 fxg4 27. Be3
Qd3 28. Qb2 Ne2+ 29. Kg2 b4 30. Bxa7 Qf3# {Normal} 0-1

[Event "Rated Blitz game"]
[Site "?"]
[Date "2021.05.14"]
[Round "?"]
[White "dr-adil"]
[Black "CristianS27"]
[Result "0-1"]
[WhiteElo "2368"]
[BlackElo "2451"]
[PlyCount "58"]
[EventDate "2021.??.??"]
[EventType "blitz"]

1. e4 e5 2. Nf3 d5 3. Nxe5 dxe4 4. d4 Nd7 5. Nc4 Nb6 6. Nxb6 axb6 7. Nc3 Nf6 8.
Bg5 Bf5 9. Qd2 h6 10. Bh4 Bd6 11. Bc4 O-O 12. O-O c6 13. Rfe1 Re8 14. a3 b5 15.
Bb3 g5 16. Bg3 Bxg3 17. hxg3 Qd6 18. Ne2 Rad8 19. c3 e3 20. fxe3 Ne4 21. Qc1
Nxg3 22. Nxg3 Qxg3 23. Rf1 Bg6 24. Rf6 Kg7 25. Qf1 Qxe3+ 26. Kh1 Re7 27. Rf3
Qe2 28. Kh2 Qxb2 29. Rb1 Qxb1 {Normal} 0-1

[Event "Rated Blitz game"]
[Site "?"]
[Date "2021.05.14"]
[Round "?"]
[White "tartineaumiel"]
[Black "DarthZannah"]
[Result "1/2-1/2"]
[WhiteElo "2408"]
[BlackElo "2511"]
[PlyCount "159"]
[EventDate "2021.??.??"]
[EventType "blitz"]

1. e4 e5 2. Nf3 d5 3. exd5 e4 4. Qe2 Nf6 5. Nc3 Be7 6. Nxe4 O-O 7. d3 Qxd5 8.
Bd2 Nc6 9. h3 Bf5 10. Ng3 Rfe8 11. Nxf5 Qxf5 12. O-O-O Nb4 13. Kb1 Qd5 14. c4
Qf5 15. Be3 Rad8 16. a3 Na6 17. Qc2 c5 18. d4 Qxc2+ 19. Kxc2 cxd4 20. Rxd4 Bc5
21. Rxd8 Rxd8 22. Bxc5 Nxc5 23. Be2 Nfe4 24. Rf1 a5 25. b4 axb4 26. axb4 Ne6
27. Bd3 Nf6 28. Rd1 Kf8 29. g3 Ke7 30. Re1 Kd6 31. Kc3 Nd7 32. Bf5 Rc8 33. Rd1+
Ke7 34. Nd4 Ne5 35. c5 b6 36. Bxe6 fxe6 37. Re1 bxc5 38. Rxe5 cxd4+ 39. Kxd4
Rc2 40. Ke3 Rc4 41. Rb5 Kf6 42. Kd3 Rc1 43. Ra5 Rb1 44. Rb5 g5 45. Ke3 h6 46.
Rb8 Ke5 47. Rb5+ Kf6 48. Rb8 Ke5 49. Kf3 Kf5 50. Rb5+ e5 51. Ke3 Rb3+ 52. Ke2
Ke4 53. Rb6 Rb2+ 54. Ke1 h5 55. Rh6 Kd3 56. Kf1 g4 57. Rxh5 gxh3 58. Rxh3 Rxb4
59. Rh5 e4 60. Re5 Rb1+ 61. Kg2 Rb2 62. g4 Kd4 63. Re8 Rb3 64. Re7 Ra3 65. Kh2
Rb3 66. Kg2 Ra3 67. Re6 Kd5 68. Re8 Kd4 69. Rh8 Ke5 70. Rh3 Ra2 71. g5 Kf5 72.
Rg3 Kg6 73. Rg4 Kf5 74. Rg3 Kg6 75. Re3 Kf5 76. g6 Ra6 77. Rg3 Rxg6 78. Rxg6
Kxg6 79. f3 exf3+ 80. Kxf3 {Normal} 1/2-1/2

[Event "Rated Blitz game"]
[Site "?"]
[Date "2021.05.14"]
[Round "?"]
[White "MaugreyFolOeil"]
[Black "annaly1979"]
[Result "1-0"]
[WhiteElo "2460"]
[BlackElo "2450"]
[PlyCount "105"]
[EventDate "2021.??.??"]
[EventType "blitz"]

1. e4 e5 2. Nf3 d5 3. Nxe5 Qe7 4. d4 f6 5. Ng4 Nc6 6. Nc3 dxe4 7. Ne3 f5 8.
Ned5 Qf7 9. Bf4 Bd6 10. Bxd6 cxd6 11. Nb5 Kf8 12. Bc4 Be6 13. Nbc7 Bxd5 14.
Nxd5 Nf6 15. Ne3 d5 16. Bb3 f4 17. Nf1 g5 18. Qd2 a5 19. a4 Rc8 20. c3 Kg7 21.
h4 g4 22. Qxf4 Rhe8 23. Ne3 h5 24. Qg5+ Qg6 25. Nf5+ Kh7 26. Qxg6+ Kxg6 27. Nd6
e3 28. Nxe8 exf2+ 29. Kxf2 Ne4+ 30. Ke3 Rxe8 31. Bc2 Kg7 32. Bxe4 Rxe4+ 33. Kd3
Re7 34. Rae1 Rf7 35. Rhf1 Rd7 36. Re6 Nd8 37. Re5 Nf7 38. Rxh5 Kg6 39. Rhf5 Nh6
40. Rf6+ Kg7 41. g3 Re7 42. h5 Re4 43. R6f4 Re7 44. Rf6 Re4 45. c4 Re8 46. cxd5
Rd8 47. d6 Ng8 48. Rg6+ Kh8 49. Kc4 Kh7 50. Kd5 Ne7+ 51. Ke6 Nxg6 52. hxg6+
Kxg6 53. Ke7 {Normal} 1-0

[Event "Rated Blitz game"]
[Site "?"]
[Date "2021.05.14"]
[Round "?"]
[White "Vikki499"]
[Black "annaly1979"]
[Result "1-0"]
[WhiteElo "2628"]
[BlackElo "2451"]
[PlyCount "43"]
[EventDate "2021.??.??"]
[EventType "blitz"]

1. e4 e5 2. Nf3 d5 3. Nxe5 Qe7 4. d4 f6 5. Nd3 Nc6 6. Be3 dxe4 7. Nc5 f5 8. Bc4
Nf6 9. Nc3 a6 10. O-O Qd8 11. Ne6 Qe7 12. d5 Ne5 13. Qd4 Bxe6 14. Qxe5 Bd7 15.
Qd4 Qd6 16. Ne2 c5 17. dxc6 Bxc6 18. Rad1 O-O-O 19. Qa7 Qxd1 20. Be6+ Bd7 21.
Rxd1 Bxe6 22. Qa8+ {Normal} 1-0

[Event "Rated Blitz game"]
[Site "?"]
[Date "2021.05.14"]
[Round "?"]
[White "rAgHaVvEnKaT"]
[Black "annaly1979"]
[Result "0-1"]
[WhiteElo "2599"]
[BlackElo "2446"]
[PlyCount "44"]
[EventDate "2021.??.??"]
[EventType "blitz"]

1. e4 e5 2. Nf3 d5 3. exd5 e4 4. Qe2 f5 5. d3 Nf6 6. Bg5 Be7 7. Bxf6 Bxf6 8.
Nc3 O-O 9. dxe4 fxe4 10. Nd2 Bf5 11. Qc4 Kh8 12. O-O-O Nd7 13. Ncxe4 Nb6 14.
Qb3 Be5 15. Bd3 a5 16. Nf3 a4 17. Qb4 Bxe4 18. Bxe4 Bd6 19. Qe1 a3 20. b3 Qf6
21. c3 Rae8 22. Nd4 Qf4+ {Normal} 0-1

[Event "Rated Blitz tournament OSH6uC6r"]
[Site "?"]
[Date "2021.05.14"]
[Round "?"]
[White "Matte03"]
[Black "coluichenontiaspetti"]
[Result "0-1"]
[WhiteElo "2426"]
[BlackElo "2569"]
[PlyCount "58"]
[EventDate "2021.??.??"]
[EventType "blitz"]

1. e4 e5 2. Nf3 d5 3. Nxe5 Qe7 4. d4 f6 5. Nf3 dxe4 6. Nfd2 f5 7. Be2 Nf6 8.
O-O Qe6 9. Re1 Bd6 10. Nc4 O-O 11. Nxd6 cxd6 12. c4 Qe7 13. Bf4 Nc6 14. Nc3 Rd8
15. Bg5 Rf8 16. Nd5 Qf7 17. Nxf6+ gxf6 18. Bf4 d5 19. Rc1 Be6 20. c5 Kh8 21.
Kh1 Rg8 22. Rg1 Ne7 23. Bh5 Ng6 24. Bd6 Qg7 25. g3 Qh6 26. Qe2 f4 27. Bxg6 f3
28. Qc2 Qxg6 29. h4 Qg4 {Normal} 0-1

[Event "Rated Blitz game"]
[Site "?"]
[Date "2021.05.14"]
[Round "?"]
[White "Robban74"]
[Black "Gifroy"]
[Result "0-1"]
[WhiteElo "2397"]
[BlackElo "2408"]
[PlyCount "56"]
[EventDate "2021.??.??"]
[EventType "blitz"]

1. e4 e5 2. Nf3 d5 3. Nc3 dxe4 4. Ng1 Nf6 5. d3 Bf5 6. Bg5 exd3 7. cxd3 Be7 8.
Nf3 Nc6 9. Qb3 Rb8 10. Be2 O-O 11. O-O Nd4 12. Nxd4 exd4 13. Bxf6 Bxf6 14. Nd5
c6 15. Nxf6+ Qxf6 16. Bf3 a6 17. Rfe1 Qg6 18. Be4 Bxe4 19. Rxe4 c5 20. Rae1 b6
21. Re7 a5 22. Qd5 h6 23. f4 Qxd3 24. f5 Rbd8 25. Qc6 Qxf5 26. Qxb6 d3 27. Rf1
Qg6 28. Rexf7 Qxb6 {Normal} 0-1

[Event "Rated Blitz game"]
[Site "?"]
[Date "2021.05.14"]
[Round "?"]
[White "Tinopov"]
[Black "Gifroy"]
[Result "0-1"]
[WhiteElo "2415"]
[BlackElo "2408"]
[PlyCount "57"]
[EventDate "2021.??.??"]
[EventType "blitz"]

1. e4 e5 2. Nf3 d5 3. d3 dxe4 4. dxe4 Qxd1+ 5. Kxd1 Bg4 6. Be2 Nc6 7. Nfd2
Bxe2+ 8. Kxe2 O-O-O 9. c3 Nge7 10. f3 f5 11. Nc4 f4 12. a4 g5 13. h3 h5 14. Bd2
Bg7 15. Be1 Ng6 16. Nbd2 g4 17. Bf2 g3 18. Bc5 b6 19. Ba3 Nh4 20. Rhg1 Rd7 21.
Nb3 Rhd8 22. a5 Rd3 23. axb6 axb6 24. Nc1 R3d7 25. Bb4 Kb7 26. Ra2 b5 27. Na5+
Nxa5 28. Rxa5 Rd2+ 29. Ke1 {Normal} 0-1

[Event "Rated Blitz tournament oyN6nfa4"]
[Site "?"]
[Date "2021.05.14"]
[Round "?"]
[White "Hikari-Kun"]
[Black "CarlitosCL"]
[Result "1-0"]
[WhiteElo "2421"]
[BlackElo "2342"]
[PlyCount "31"]
[EventDate "2021.??.??"]
[EventType "blitz"]

1. e4 e5 2. Nf3 d5 3. d4 dxe4 4. Nxe5 Bd6 5. Nc4 Nf6 6. Nxd6+ cxd6 7. Nc3 d5 8.
Bg5 Be6 9. Bb5+ Nbd7 10. O-O O-O 11. f3 a6 12. Bxd7 Qxd7 13. Bxf6 gxf6 14. fxe4
dxe4 15. Nxe4 f5 16. Nf6+ {Normal} 1-0

[Event "Rated Blitz game"]
[Site "?"]
[Date "2021.05.14"]
[Round "?"]
[White "Mescalero81"]
[Black "Fantastic_power06"]
[Result "0-1"]
[WhiteElo "2527"]
[BlackElo "2663"]
[PlyCount "38"]
[EventDate "2021.??.??"]
[EventType "blitz"]

1. e4 e5 2. Nf3 d5 3. exd5 e4 4. Qe2 Nf6 5. d3 Qxd5 6. Nfd2 Nc6 7. Nc3 Qa5 8.
Ndxe4 Be6 9. Nxf6+ gxf6 10. Bd2 Nd4 11. Qd1 O-O-O 12. Ne2 Qe5 13. c3 Nf3+ 14.
gxf3 Rxd3 15. Qa4 Bd5 16. Bf4 Qe6 17. Be3 Bxf3 18. Rg1 Rxe3 19. fxe3 Bh6 {
Time forfeit} 0-1

[Event "Rated Blitz game"]
[Site "?"]
[Date "2021.05.14"]
[Round "?"]
[White "kasparik_garik"]
[Black "BigLion5555"]
[Result "0-1"]
[WhiteElo "2609"]
[BlackElo "2571"]
[PlyCount "160"]
[EventDate "2021.??.??"]
[EventType "blitz"]

1. e4 e5 2. Nf3 d5 3. exd5 e4 4. Qe2 Nf6 5. Nc3 Bd6 6. d3 O-O 7. dxe4 Re8 8.
Bg5 h6 9. Bxf6 Qxf6 10. O-O-O Na6 11. Qb5 Bg4 12. Be2 Nc5 13. e5 Bxe5 14. Nxe5
Bxe2 15. Nxe2 Qxe5 16. Qxc5 Qxe2 17. Kb1 Re7 18. a3 b6 19. Qc6 Rd8 20. Rhf1 a5
21. g3 Rd6 22. Qc3 Rxd5 23. Rde1 Qb5 24. a4 Qd7 25. Rxe7 Qxe7 26. Re1 Qd7 27.
b3 Rd1+ 28. Rxd1 Qxd1+ 29. Kb2 Qd6 30. h4 c5 31. f4 g6 32. h5 gxh5 33. Qf3 Qd4+
34. Kb1 Qg1+ 35. Kb2 Qh2 36. f5 Qg1 37. f6 Qd4+ 38. Kb1 Kh7 39. Qf5+ Kh8 40.
Qxh5 Qxf6 41. Qh3 Qg6 42. Qc8+ Kh7 43. Qh3 h5 44. Qh4 Kh6 45. Qf4+ Qg5 46. Qxf7
Qg4 47. Qf6+ Qg6 48. Qf4+ Qg5 49. Qd6+ Qg6 50. Qd2+ Qg5 51. Qf2 Qg6 52. Kc1
Qg5+ 53. Kd1 Qg6 54. Ke2 Kg7 55. Qe3 Qf6 56. Qf4 Kf7 57. Qc7+ Qe7+ 58. Qxe7+
Kxe7 59. Kf3 Kf6 60. Kf4 Kg6 61. Kf3 Kf5 62. Kg2 Kg5 63. Kh3 Kf5 64. Kh4 Kg6
65. g4 hxg4 66. Kxg4 Kf6 67. Kf4 Ke6 68. Ke4 Kd6 69. c4 Kc6 70. Ke5 Kc7 71. Ke6
Kb7 72. Ke7 Ka7 73. Kd6 Ka6 74. Kc6 Ka7 75. Kc7 Ka6 76. Kb8 b5 77. axb5+ Kb6
78. b4 a4 79. bxc5+ Kxc5 80. b6 a3 {Time forfeit} 0-1

[Event "Rated Blitz tournament hnRrJqUd"]
[Site "?"]
[Date "2021.05.14"]
[Round "?"]
[White "Melisadonmez35"]
[Black "AltayErdemGok"]
[Result "0-1"]
[WhiteElo "2442"]
[BlackElo "2375"]
[PlyCount "42"]
[EventDate "2021.??.??"]
[EventType "blitz"]

1. e4 e5 2. Nf3 d5 3. exd5 e4 4. Ne5 Bd6 5. d4 Nf6 6. Bc4 O-O 7. O-O c5 8. dxc6
Nxc6 9. Nxc6 bxc6 10. c3 Rb8 11. Bg5 Rxb2 12. Bb3 h6 13. Bxf6 Qxf6 14. Qc1 Re2
15. Bc4 Bf4 16. Qd1 Rb2 17. Bb3 Qg6 18. Na3 Bg4 19. Qe1 Bf3 20. g3 Bxg3 21.
hxg3 Qh5 {Normal} 0-1

[Event "Rated Blitz game"]
[Site "?"]
[Date "2021.05.14"]
[Round "?"]
[White "MRMANiA"]
[Black "KamranShirazi"]
[Result "0-1"]
[WhiteElo "2407"]
[BlackElo "2483"]
[PlyCount "56"]
[EventDate "2021.??.??"]
[EventType "blitz"]

1. e4 e5 2. Nf3 d5 3. exd5 e4 4. Qe2 Nf6 5. d3 Bb4+ 6. c3 O-O 7. cxb4 exf3 8.
Qxf3 Re8+ 9. Be3 Nxd5 10. a3 Nc6 11. Be2 Nxe3 12. fxe3 Qg5 13. O-O Be6 14. Nc3
Rad8 15. Rad1 Bb3 16. Ne4 Qh6 17. Rc1 f5 18. Qxf5 Qxe3+ 19. Qf2 Qh6 20. Nc5 Nd4
21. Rce1 Rf8 22. Qg3 Nxe2+ 23. Rxe2 Rxf1+ 24. Kxf1 Rf8+ 25. Kg1 Bd5 26. h3 b6
27. Nd7 Rc8 28. Qxc7 Rxc7 {Normal} 0-1

[Event "Rated Blitz game"]
[Site "?"]
[Date "2021.05.14"]
[Round "?"]
[White "Naruito64"]
[Black "liaqat321"]
[Result "1-0"]
[WhiteElo "2458"]
[BlackElo "2362"]
[PlyCount "37"]
[EventDate "2021.??.??"]
[EventType "blitz"]

1. e4 e5 2. Nf3 d5 3. Nxe5 Bd6 4. d4 dxe4 5. Bc4 Bxe5 6. Qh5 Qe7 7. Qxe5 Qxe5
8. dxe5 Nc6 9. O-O Nxe5 10. Bb3 Nf6 11. Re1 O-O 12. Bg5 Bf5 13. Nc3 Ned7 14.
Nd5 c6 15. Ne7+ Kh8 16. Nxf5 h6 17. Bxf6 Nxf6 18. Nd6 Rfd8 19. Nxf7+ {Normal}
1-0

[Event "Rated Blitz game"]
[Site "?"]
[Date "2021.05.14"]
[Round "?"]
[White "ZAN_GUREEZ123"]
[Black "anjaya01"]
[Result "1-0"]
[WhiteElo "2374"]
[BlackElo "2428"]
[PlyCount "77"]
[EventDate "2021.??.??"]
[EventType "blitz"]

1. e4 e5 2. Nf3 d5 3. exd5 Bd6 4. Nc3 f5 5. Bb5+ Kf8 6. d3 Nf6 7. O-O a6 8. Bc4
b5 9. Bb3 h6 10. Re1 Qe8 11. Nxe5 g5 12. d4 Kg7 13. f4 g4 14. a3 Qh5 15. Be3
Nbd7 16. Qe2 Nb6 17. Bf2 Bd7 18. Rad1 Rae8 19. Bg3 Bc8 20. Qd3 Re7 21. Nc6 Ree8
22. Re5 Qf7 23. Rde1 Nh5 24. Re6 Bxe6 25. dxe6 Qf6 26. Ne5 Nxg3 27. hxg3 h5 28.
Kf2 h4 29. gxh4 Rxh4 30. Qg3 c5 31. dxc5 Bxc5+ 32. Ke2 Nc4 33. Nxc4 Rxe6+ 34.
Ne5 Rxe5+ 35. fxe5 Qg5 36. Nd5 Bd4 37. c3 Bc5 38. Nf4 Rh6 39. Kd1 {Time forfeit
} 1-0

[Event "Rated Blitz game"]
[Site "?"]
[Date "2021.05.14"]
[Round "?"]
[White "darne"]
[Black "GoughPhar"]
[Result "0-1"]
[WhiteElo "2421"]
[BlackElo "2384"]
[PlyCount "54"]
[EventDate "2021.??.??"]
[EventType "blitz"]

1. e4 e5 2. Nf3 d5 3. Nxe5 Bd6 4. d4 dxe4 5. Nc4 Nf6 6. Nxd6+ Qxd6 7. Bb5+ c6
8. Be2 h5 9. c4 Bf5 10. Nc3 h4 11. Qb3 Nbd7 12. Be3 h3 13. g3 O-O 14. O-O Qe6
15. Qc2 Bg4 16. b3 Rfe8 17. Rae1 Qf5 18. Bf4 g5 19. Bc1 Bf3 20. Nd1 Ng4 21. Ne3
Nxe3 22. fxe3 g4 23. Bxf3 gxf3 24. Kf2 Nf6 25. Rd1 Ng4+ 26. Kg1 Rad8 27. Bd2
f2+ {Normal} 0-1

[Event "Rated Blitz game"]
[Site "?"]
[Date "2021.05.14"]
[Round "?"]
[White "Scualchess"]
[Black "AlaEldin"]
[Result "1-0"]
[WhiteElo "2447"]
[BlackElo "2333"]
[PlyCount "101"]
[EventDate "2021.??.??"]
[EventType "blitz"]

1. e4 e5 2. Nf3 d5 3. Nxe5 Bd6 4. d4 dxe4 5. Nc4 Nf6 6. Be2 O-O 7. Be3 Nc6 8.
Nbd2 Be6 9. Nxd6 cxd6 10. c4 d5 11. c5 Qd7 12. O-O a6 13. a3 Ng4 14. h3 Nxe3
15. fxe3 f5 16. b4 Ne7 17. a4 Qc7 18. Qe1 f4 19. exf4 Rxf4 20. Rxf4 Qxf4 21.
Nf1 Rf8 22. Qg3 Qf6 23. Rd1 Ng6 24. b5 Nf4 25. Qe3 Qg5 26. Bg4 h5 27. Bxe6+
Nxe6 28. Qxg5 Nxg5 29. Ne3 Rd8 30. Rc1 Ne6 31. Rd1 Nf4 32. Kf2 g5 33. Ke1 axb5
34. axb5 h4 35. Kd2 Ra8 36. Rc1 Nd3 37. Rc2 Nb4 38. Rb2 Nd3 39. Rc2 Nb4 40. Rc3
Ra2+ 41. Ke1 Nd3+ 42. Kd1 Rb2 43. c6 Rb1+ 44. Kc2 Rb2+ 45. Kd1 Rb1+ 46. Kd2
bxc6 47. bxc6 Rb2+ 48. Rc2 Rb8 49. c7 Rc8 50. Nxd5 Kf7 51. Nb6 {Time forfeit}
1-0

[Event "Rated Rapid game"]
[Site "?"]
[Date "2021.05.14"]
[Round "?"]
[White "Sewa_Kipas"]
[Black "davidson777"]
[Result "1-0"]
[WhiteElo "2421"]
[BlackElo "2263"]
[PlyCount "55"]
[EventDate "2021.??.??"]
[EventType "rapid"]

1. e4 e5 2. Nf3 d5 3. d4 dxe4 4. Nxe5 Bd6 5. Nc4 Be7 6. Ne3 f5 7. Bc4 Nf6 8. c3
Nc6 9. g3 Qd6 10. Ng2 Be6 11. Bf4 Qd7 12. Nd2 O-O-O 13. a4 h6 14. h4 Ng4 15. h5
Bxc4 16. Nxc4 Qe6 17. Qe2 g5 18. hxg6 Qxg6 19. a5 h5 20. b4 Bxb4 21. cxb4 Nxd4
22. Qb2 Nf3+ 23. Ke2 Qa6 24. Rac1 Rd4 25. b5 Qe6 26. Nb6+ axb6 27. Rxc7+ Kd8
28. Rd1 {Normal} 1-0

[Event "Rated Blitz tournament HEBnC8yk"]
[Site "?"]
[Date "2021.05.14"]
[Round "?"]
[White "yatayo"]
[Black "om_gendut"]
[Result "1-0"]
[WhiteElo "2448"]
[BlackElo "2392"]
[PlyCount "23"]
[EventDate "2021.??.??"]
[EventType "blitz"]

1. e4 e5 2. Nf3 d5 3. Nxe5 Bd6 4. d4 dxe4 5. Qh5 Qe7 6. Nc3 Qxe5 7. dxe5 Bb4 8.
Bc4 Bxc3+ 9. bxc3 Nc6 10. Qxf7+ Kd8 11. Qf8+ Kd7 12. e6# {Normal} 1-0

[Event "Rated Blitz game"]
[Site "?"]
[Date "2021.05.14"]
[Round "?"]
[White "boblibob"]
[Black "Razario90"]
[Result "0-1"]
[WhiteElo "2427"]
[BlackElo "2398"]
[PlyCount "52"]
[EventDate "2021.??.??"]
[EventType "blitz"]

1. e4 e5 2. Nf3 d5 3. exd5 e4 4. Qe2 Nf6 5. d3 Qxd5 6. Nc3 Bb4 7. Bd2 Bxc3 8.
Bxc3 O-O 9. Bxf6 exf3 10. Qxf3 Qxf3 11. gxf3 gxf6 12. Rg1+ Kh8 13. d4 Bf5 14.
O-O-O Nc6 15. Bc4 Rad8 16. c3 Bg6 17. f4 Ne7 18. Rge1 Nf5 19. Bd3 Nd6 20. Re7
Bxd3 21. Rxd3 Rc8 22. b3 Rfe8 23. Rde3 Kg7 24. c4 Kf8 25. Rxe8+ Rxe8 26. Rxe8+
Kxe8 {Normal} 0-1

[Event "Rated Blitz tournament uTECYra7"]
[Site "?"]
[Date "2021.05.13"]
[Round "?"]
[White "dreamteamer"]
[Black "dr_xStranger"]
[Result "0-1"]
[WhiteElo "2448"]
[BlackElo "2530"]
[PlyCount "102"]
[EventDate "2021.??.??"]
[EventType "blitz"]

1. e4 e5 2. Nf3 d5 3. exd5 e4 4. Qe2 Nf6 5. Nc3 Be7 6. Nxe4 O-O 7. d3 Re8 8.
Bd2 Nxd5 9. Qd1 f5 10. Ng3 Bc5+ 11. Be2 Nc6 12. O-O Be6 13. c3 Bb6 14. d4 Qf6
15. Bc4 Rad8 16. Re1 h6 17. Ne5 Nxe5 18. Rxe5 c6 19. Qe2 Bf7 20. Re1 Rxe5 21.
Qxe5 Qxe5 22. Rxe5 g6 23. Bxh6 Bc7 24. Re1 Nf6 25. Bxf7+ Kxf7 26. Bg5 Bd6 27.
f3 Rh8 28. Bxf6 Kxf6 29. Re2 a5 30. Nf1 b5 31. h3 a4 32. a3 c5 33. d5 Rd8 34.
Re6+ Kf7 35. Ne3 Bf4 36. Kf2 Bxe3+ 37. Kxe3 Rxd5 38. Rb6 c4 39. f4 Rd3+ 40. Ke2
Rd5 41. Ke3 Kg7 42. g4 Rd3+ 43. Ke2 Rxh3 44. Rb7+ Kf6 45. g5+ Ke6 46. Rb6+ Kd5
47. Rxg6 Ke4 48. Re6+ Kxf4 49. g6 Rh2+ 50. Kf1 Rxb2 51. Re2 Rb1+ {Time forfeit}
0-1

[Event "Rated Blitz game"]
[Site "?"]
[Date "2021.05.13"]
[Round "?"]
[White "gyikkutya"]
[Black "KamranShirazi"]
[Result "0-1"]
[WhiteElo "2411"]
[BlackElo "2510"]
[PlyCount "30"]
[EventDate "2021.??.??"]
[EventType "blitz"]

1. e4 e5 2. Nf3 d5 3. Nxe5 Bd6 4. d4 dxe4 5. Nc4 Be7 6. Nc3 f5 7. Bf4 Nf6 8.
Qd2 O-O 9. O-O-O c6 10. f3 Nd5 11. Nxd5 cxd5 12. Ne5 Nc6 13. fxe4 fxe4 14. Be2
Rxf4 15. Qxf4 Bg5 {Normal} 0-1

[Event "Rated Blitz game"]
[Site "?"]
[Date "2021.05.13"]
[Round "?"]
[White "ChessHungerOnTwitch"]
[Black "borisov_maxim"]
[Result "0-1"]
[WhiteElo "2444"]
[BlackElo "2535"]
[PlyCount "90"]
[EventDate "2021.??.??"]
[EventType "blitz"]

1. e4 e5 2. Nf3 d5 3. exd5 e4 4. Qe2 Qe7 5. Nd4 Nf6 6. Nc3 a6 7. d3 exd3 8.
Qxe7+ Bxe7 9. Bxd3 Bb4 10. O-O O-O 11. Bc4 Nbd7 12. Bf4 Nb6 13. Bb3 Bxc3 14.
bxc3 Nbxd5 15. Bg3 c5 16. Ne2 Bg4 17. f3 Bf5 18. a4 Rac8 19. Rac1 c4 20. Ba2
Ne3 21. Rf2 Nxc2 22. Be5 Nd5 23. g4 Bg6 24. h4 Rfe8 25. Bd6 b5 26. h5 Bd3 27.
axb5 axb5 28. Bb1 Nde3 29. Nd4 Nxd4 30. cxd4 Bxb1 31. Rxb1 c3 32. Re2 c2 33.
Rc1 f5 34. Kf2 Nd1+ 35. Ke1 Rxe2+ 36. Kxe2 fxg4 37. fxg4 Rc4 38. Be5 b4 39. Kd2
b3 40. d5 Rc5 41. Kd3 Rxd5+ 42. Bd4 Rxd4+ 43. Kxd4 b2 44. Rxc2 b1=Q 45. Rc8+
Kf7 {Normal} 0-1

[Event "Rated Blitz game"]
[Site "?"]
[Date "2021.05.13"]
[Round "?"]
[White "Patonotucupi"]
[Black "anjaya01"]
[Result "1-0"]
[WhiteElo "2332"]
[BlackElo "2407"]
[PlyCount "71"]
[EventDate "2021.??.??"]
[EventType "blitz"]

1. e4 e5 2. Nf3 d5 3. Nxe5 Bd6 4. d4 dxe4 5. Nc4 f5 6. Nxd6+ Qxd6 7. Bc4 Be6 8.
Bxe6 Qxe6 9. c4 Qxc4 10. Na3 Qb4+ 11. Bd2 Qxb2 12. Nc4 Qxd4 13. Rc1 Nc6 14. Qb3
O-O-O 15. Bc3 Qd3 16. Bxg7 Nd4 17. Qxd3 exd3 18. Bxh8 Nc2+ 19. Kd2 Nh6 20. Bf6
Rd5 21. Ne3 Nxe3 22. fxe3 Ng4 23. Bd4 b6 24. Kxd3 Nf2+ 25. Kc4 Ra5 26. Rhf1
Rxa2 27. Kb3 Re2 28. Rc2 Rxc2 29. Kxc2 Ng4 30. h3 Nh6 31. Bg7 Nf7 32. Rxf5 Nd6
33. Rh5 a5 34. Rxh7 b5 35. Rh5 Kb7 36. Bf8 {Normal} 1-0

[Event "Rated Blitz game"]
[Site "?"]
[Date "2021.05.13"]
[Round "?"]
[White "Yonacoz"]
[Black "anjaya01"]
[Result "0-1"]
[WhiteElo "2277"]
[BlackElo "2402"]
[PlyCount "44"]
[EventDate "2021.??.??"]
[EventType "blitz"]

1. e4 e5 2. Nf3 d5 3. exd5 Bd6 4. Nc3 f5 5. d4 e4 6. Ne5 Nf6 7. Bg5 O-O 8. Bc4
a6 9. Bb3 Nbd7 10. Nc6 Qe8 11. O-O Kh8 12. Ne5 Nxe5 13. dxe5 Qxe5 14. g3 Qe7
15. Ne2 h6 16. Be3 g5 17. f4 exf3 18. Rxf3 g4 19. Bd4 gxf3 20. Nf4 Bxf4 21.
gxf4 Qe2 22. Kh1 Qg2# {Normal} 0-1

[Event "Rated Blitz game"]
[Site "?"]
[Date "2021.05.13"]
[Round "?"]
[White "DynamoTresen"]
[Black "ahoramahora"]
[Result "1-0"]
[WhiteElo "2420"]
[BlackElo "2345"]
[PlyCount "43"]
[EventDate "2021.??.??"]
[EventType "blitz"]

1. e4 e5 2. Nf3 d5 3. exd5 e4 4. Qe2 Nf6 5. d3 Qxd5 6. Nbd2 Nc6 7. Nxe4 Be6 8.
Nxf6+ gxf6 9. Qe4 Qa5+ 10. Bd2 Bb4 11. c3 Bd6 12. Be2 O-O-O 13. O-O Rhg8 14.
Qh4 Ne5 15. Nxe5 fxe5 16. Rfe1 f5 17. Bf1 Rg4 18. Qxh7 Rdg8 19. d4 Bd5 20.
Qxf5+ Kb8 21. g3 exd4 22. Qxg4 {Normal} 1-0